ピノキオピー曲当てクイズ - Statistics

General Stats
  • This quiz has been taken 81 times
    55 since last reset
  • The average score is 50 of 163
Answer Stats
Answer % Correct
転生林檎
81%
すろぉもぉしょん
78%
神っぽいな
74%
匿名M
70%
頓珍漢の宴
67%
アルティメットセンパイ
63%
ノンブレス・オブリージュ
59%
m/es
59%
愛されなくても君がいる
56%
デビルじゃないもん
56%
ねぇねぇねぇ。
56%
T氏の話を信じるな
56%
ありふれたせかいせいふく
52%
すきなことだけでいいです
52%
ユーチューバー
52%
ラヴィット
52%
アイマイナ
48%
アポカリプスなう
48%
嘘ミーム
48%
腐れ外道とチョコレゐト
48%
内臓ありますか
48%
魔法少女とチョコレゐト
48%
愛属性
44%
閻魔さまのいうとおり
44%
君が生きてなくてよかった
44%
きみも悪い人でよかった
44%
コスモスパイス
44%
週刊少年バイバイ
44%
ポケットのモンスター
44%
おばけのウケねらい
41%
ゴージャスビッグ対談
41%
セカイはまだ始まってすらいない
41%
超主人公
41%
どうしてちゃんのテーマ
41%
ニナ
41%
ぼくらはみんな意味不明
41%
ラブソングを殺さないで
41%
余命2:30
41%
Aじゃないか
41%
アップルドットコム
37%
アンテナ
37%
からっぽのまにまに
37%
こあ
37%
恋の恋による恋のための恋
37%
こどものしくみ
37%
シークレットひみつ
37%
ストレンジアニマル
37%
人間なんか大嫌い
37%
ハナウタ
37%
僕なんかいなくても
37%
マッシュルームマザー
37%
祭りだヘイカモン
37%
ヨヅリナ
37%
eight hundred
37%
SAYONARA HUMAN
37%
絵の上手かった友達
33%
かえるたちのうた
33%
サイケデリックスマイル
33%
サクラノタトゥー
33%
好き好き好き好き好き好き好き好き好き
33%
増殖する今村
33%
玉葱
33%
東京マヌカン
33%
動物のすべて
33%
はじめまして地球人さん
33%
はっぴーべりーはっぴー
33%
ポンコツ天使
33%
モチベーションが死んでる
33%
リアルにぶっとばす
33%
レアノ
33%
1year
33%
ゲームスペクター2
33%
アッカンベーダ
30%
甘噛みでおねがい
30%
恋するミュータント
30%
ぜろ
30%
たりないかぼちゃ
30%
ちきゅう大爆発
30%
ブラックホールヶ丘商店街
30%
ボーカロイドのうた
30%
忘れちゃったのどうして
30%
404
30%
I.Q
30%
LOVE
30%
Mei Mei
30%
META
30%
Obscure Questions
30%
ウソラセラ
26%
宇宙みかん
26%
エゴイスト
26%
キラースパイダー
26%
シックシックシック
26%
しぼう
26%
スケベニンゲン
26%
素晴らしい世界
26%
デラシネ
26%
とうめい
26%
ひとりの帰り道
26%
ひとりぼっちのユーエフオー
26%
ボカロはダサい
26%
遊星まっしらけ
26%
ユメネコ
26%
ラブ イズ オノマトペ
26%
10年後のボーカロイドのうた
26%
Honjara-ke
26%
おもひでしゃばだば
22%
解散しちゃったバンド
22%
死ぬのはいつも他人ばかり
22%
ニッポンの夜明け
22%
不思議のコハナサイチ
22%
よいこのくすり
22%
Fireworks
22%
HANANOBI GIRL
22%
tel tel
22%
あかんぼ
19%
あめのひ喫茶
19%
おもちゃロボット
19%
昨日、パンを食べました。
19%
空想しょうもない日々
19%
今年の終わりと始まりをノラ猫は見ていた
19%
ごりらがいるんだ
19%
さよなら、たましいさん
19%
センセイニイッテヤロ
19%
それぞれに人生がある
19%
たのしいホームワーク
19%
化物宇宙
19%
ヒーローが来ない
19%
ビューティフルなフィクション
19%
ぼくも屑だから
19%
胸いっぱいのダメを
19%
ゆめばなな
19%
Cocoa
19%
HAPPY END BAD END
19%
i.c.u
19%
Last Continue
19%
OZ
19%
カケラ
15%
キラキラカプセル
15%
地獄でもう一度逢いましょう
15%
じゅごん
15%
とげとげ
15%
ネガポジ
15%
羊たちの沈黙
15%
ポリゴンティーチャー
15%
マンネリズム
15%
100年前の僕、100年後の君
15%
CONTINUE
15%
elf
15%
Floating Shelter
15%
くらげ
11%
ジゼミ・イン・ザ・アンダーグラウンド
11%
前夜祭のデルトロ
11%
「なんてね。」
11%
なんにもない
11%
箱庭からのメッセージ
11%
China Girl
11%
Paraiso
11%
仮病少年(仮)
7%
ぼくとわたしと少年少女
7%
Bouncing Betty
7%
ファンタジーへようこそ
4%
わたしがこの世にいた頃に
4%
cryptid
4%
No matching quizzes found
Score Distribution
Percent of People with Each Score
Percentile by Number Answered
Your Score History
You have not taken this quiz since the last reset